Vectores y enfermedades 1 - Estadísticas

Estadísticas generales
  • Esta prueba ha sido intentada 28 veces
    25 desde el último reinicio
  • La puntuación promedio es 7 de 25
Estadísticas de respuestas
Vector Enfermedad % Correcto
Anopheles spp. Malaria
81%
Aedes aegypti/Aedes albopictus Dengue
75%
Aedes aegypti/Aedes albopictus Fiebre amarilla
69%
Triatoma spp. (chinche besucona) Enfermedad de Chagas
56%
Ixodes scapularis/Ixodes ricinus Enfermedad de Lyme
56%
Glossina spp. (mosca tse-tsé) Enfermedad del sueño/Tripanosomiasis africana
44%
Xenopsylla cheopis Peste bubónica
44%
Aedes aegypti/Aedes albopictus Zika
44%
Aedes aegypti/Aedes albopictus Chikunguña
38%
Culex spp. Virus del Nilo Occidental
25%
Ixodes scapularis/Ixodes ricinus Anaplasmosis
19%
Culex spp. Encefalitis de San Luis
19%
Lutzomyia spp./Phlebotomus spp. (mosca de la arena) Leishmaniasis
19%
Ixodes scapularis/Ixodes ricinus Babesiosis
13%
Pediculus humanus corporis Tifus epidémico
13%
Culex spp. Encefalitis equina venezolana
6%
Culex spp. Encefalitis japonesa
6%
Caracoles de agua dulce Fascioliasis
6%
Rhipicephalus sanguineus Fiebre maculosa de las Montañas Rocosas
6%
Xenopsylla cheopis Tifus murino
6%
Varias especies Tularemia
6%
Ixodes scapularis/Ixodes ricinus Encefalitis por garrapatas
0%
Caracoles de agua dulce Esquitosomiasis
0%
Rhipicephalus sanguineus Fiebre botonosa mediterránea
0%
Pediculus humanus corporis Fiebre de las trincheras
0%
No se encontraron pruebas coincidentes
Distribución de puntuación
Porcentaje de gente con cada puntuación
Porcentaje por número respondido
Historial de tus puntuaciones
No has intentado esta prueba desde el último reinicio